LEADER 01506nam 2200445 450 001 9910796503203321 005 20171227132904.0 035 $a(CKB)4100000001042732 035 $a(DLC) 2017043994 035 $a(MiAaPQ)EBC5178025 035 $a(EXLCZ)994100000001042732 100 $a20180105h20172017 uy 0 101 0 $aeng 135 $aur||||||||||| 181 $ctxt$2rdacontent 182 $cn$2rdamedia 183 $anc$2rdacarrier 200 00$aDevelopmental perspectives in written language and literacy $ein honor of Ludo Verhoeven /$fedited by Eliane Segers, Paul van den Broek 210 1$aAmsterdam, [The Netherlands] ;$aPhiladelphia, [Pennsylvania] :$cJohn Benjamins Publishing Company,$d2017. 210 4$dİ2017 215 $a1 online resource 311 $a90-272-1243-0 311 $a90-272-6515-1 320 $aIncludes bibliographical references and index. 606 $aApplied linguistics 606 $aLanguage acquisition$xStudy and teaching 606 $aWritten communication$xStudy and teaching 615 0$aApplied linguistics. 615 0$aLanguage acquisition$xStudy and teaching. 615 0$aWritten communication$xStudy and teaching. 676 $a418 702 $aSegers$b Eliane 702 $aBroek$b Paul van den 801 0$bMiAaPQ 801 1$bMiAaPQ 801 2$bMiAaPQ 906 $aBOOK 912 $a9910796503203321 996 $aDevelopmental perspectives in written language and literacy$93743343 997 $aUNINA LEADER 02574oas 2201057 a 450 001 9910146367903321 005 20260310213014.0 011 $a1532-2807 035 $a(DE-599)ZDB2002501-4 035 $a(DE-599)2002501-4 035 $a(OCoLC)41429364 035 $a(CONSER) 00208397 035 $a(CKB)954927738785 035 $a(EXLCZ)99954927738785 100 $a19990525a19959999 sy a 101 0 $aeng 135 $aurcnu|||||||| 181 $ctxt$2rdacontent 182 $cc$2rdamedia 183 $acr$2rdacarrier 200 10$aPathology oncology research 210 $a[London] $cHarcourt 210 2 $a[Netherlands] $cSpringer Netherlands 210 3 $a[Switzerland] $cFrontiers Media S.A 300 $aRefereed/Peer-reviewed 311 08$a1219-4956 517 1 $aPOR 517 1 $aPORE 517 1 $aPathology & oncology research 517 1 $aPathology and oncology research 531 0 $aPathol. oncol. res. 606 $aTumors$vPeriodicals 606 $aOncology$xResearch$vPeriodicals 606 $aNeoplasms$xpathology 606 $aTumeurs$vPe?riodiques 606 $aCance?rologie$xRecherche$vPe?riodiques 606 $aOncology$xResearch$2fast$3(OCoLC)fst01045744 606 $aTumors$2fast$3(OCoLC)fst01158759 608 $aPeriodical 608 $aperiodicals.$2aat 608 $aPeriodicals.$2fast 608 $aPeriodicals.$2lcgft 608 $aPe?riodiques.$2rvmgf 615 0$aTumors 615 0$aOncology$xResearch 615 2$aNeoplasms$xpathology 615 6$aTumeurs 615 6$aCance?rologie$xRecherche 615 7$aOncology$xResearch. 615 7$aTumors. 676 $a616 712 02$aAra?nyi Lajos Foundation, 801 0$bSMI 801 1$bSMI 801 2$bCOU 801 2$bNSD 801 2$bOCLCQ 801 2$bMUQ 801 2$bPFM 801 2$bDLC 801 2$bOCLCQ 801 2$bCUS 801 2$bBUF 801 2$bOCLCF 801 2$bOCLCQ 801 2$bUAB 801 2$bOCLCQ 801 2$bEZC 801 2$bUKMGB 801 2$bVT2 801 2$bU3W 801 2$bSFB 801 2$bDLC 801 2$bOCLCQ 801 2$bDLC 801 2$bOCLCO 801 2$bQGK 801 2$bOCLCQ 801 2$bOCLCO 801 2$bOCLCQ 801 2$bAUD 801 2$bOCLCL 801 2$bCSU 801 2$bLIP 801 2$bXFH 801 2$bCASUM 801 2$bOCLCQ 906 $aJOURNAL 912 $a9910146367903321 996 $aPathology oncology research$92265955 997 $aUNINA